Southville International School and Colleges
Your cart is empty.
  • Cart
  • Lists
    Public lists Eva Luna New books Lux_list list_1
    Your lists Log in to create your own lists
  • Log in to your account
  • Your cookies
  • Search history
Southville International School and Colleges
  • Advanced search
  • Recent comments
  • Most popular
  • Libraries

Log in to your account

Log in with GOOGLE


If you do not have an external account, but do have a local account, you can still log in:

  1. Home
  2. MARC view: A guide to SQL /
Normal view MARC view ISBD view

A guide to SQL / (Record no. 19830)

[ view plain ]
MARC details
000 -LEADER
fixed length control field 00545nam a2200205 a 4500
005 - DATE AND TIME OF LATEST TRANSACTION
control field 20140310183159.0
008 - FIXED-LENGTH DATA ELEMENTS--GENERAL INFORMATION
fixed length control field 021115s19uu xx 00 eng d
020 ## - INTERNATIONAL STANDARD BOOK NUMBER
International Standard Book Number 9812405814
050 ## - LIBRARY OF CONGRESS CALL NUMBER
Classification number QA 76.73.S67
Item number .P73 2001
100 ## - MAIN ENTRY--PERSONAL NAME
Personal name Pratt, Philip J.
245 ## - TITLE STATEMENT
Title A guide to SQL /
Statement of responsibility, etc Philip J. Pratt.
250 ## - EDITION STATEMENT
Edition statement 5th
260 ## - PUBLICATION, DISTRIBUTION, ETC. (IMPRINT)
Place of publication, distribution, etc Australia :
Name of publisher, distributor, etc Thomson Learning,
Date of publication, distribution, etc 2001.
300 ## - PHYSICAL DESCRIPTION
Extent 260 p. :
Other physical details ill. ;
Dimensions 24 cm.
521 ## - TARGET AUDIENCE NOTE
Target audience note
546 ## - LANGUAGE NOTE
Language note C0387
546 ## - LANGUAGE NOTE
Language note C1326
650 ## - SUBJECT ADDED ENTRY--TOPICAL TERM
Topical term or geographic name as entry element SQL ( computer program language )
942 ## - ADDED ENTRY ELEMENTS (KOHA)
Koha item type Books
Source of classification or shelving scheme Library of Congress Classification
Call number prefix Foreign
Holdings
Withdrawn status Lost status Source of classification or shelving scheme Damaged status Home library Current library Shelving location Date acquired Total Checkouts Full call number Barcode Date last seen Copy number Price effective from Koha item type
    Library of Congress Classification   College Library College Library General Circulation Section 12/02/2013   QA 76.73.S67 .P73 2001 C0387 05/15/2018 1 12/02/2013 Books
    Library of Congress Classification   College Library College Library General Circulation Section 12/02/2013   QA 76.73.S67 .P73 2001 C1326 05/15/2018 2 12/02/2013 Books

A guide to SQL /

APA

Pratt P. J., . (2001). A guide to SQL. Australia: Thomson Learning.

Chicago

Pratt Philip J, . 2001. A guide to SQL. Australia: Thomson Learning.

Harvard

Pratt P. J., . (2001). A guide to SQL. Australia: Thomson Learning.

MLA

Pratt Philip J, . A guide to SQL. Australia: Thomson Learning. 2001.

  • Place hold
  • Print
  • Cite
  • Add to your cart (remove)
  • Save record
    BIBTEX Dublin Core MARCXML MARC (non-Unicode/MARC-8) MARC (Unicode/UTF-8) MARC (Unicode/UTF-8, Standard) MODS (XML) RIS
  • More searches
    Search for this title in:
    Other Libraries (WorldCat) Other Databases (Google Scholar) Online Stores (Bookfinder.com) Open Library (openlibrary.org)

Exporting to Dublin Core...

SOUTHVILLE LIBRARY

Southville International School and Colleges Library

1281 Tropical Ave. Cor. Luxembourg St., BF Homes International, Las Pinas City

Tel. No. 8256374 / 252358 Loc. 117/146

Powered by Koha